|
|
|
|
| LEADER |
00000nab a2200000uu 4500 |
| 001 |
vtls011520677 |
| 003 |
SK-MaSNL |
| 005 |
20260303223157.0 |
| 008 |
230704|1948 xo |||||||||||||||||slo| |
| 015 |
|
|
|a SNBRB
|
| 035 |
|
|
|a (urnnbn)urn:nbn:sk:snk:ar-0021jr
|
| 035 |
|
|
|a (uuid)6af6a3e8-caac-4eab-ad57-2f62adfa37a5
|
| 035 |
|
|
|a urn:nbn:sk:snk-abe93g
|
| 040 |
|
|
|a SNKBUCL
|b slo
|c SNKBUCL
|e AACR2
|
| 041 |
1 |
|
|a slo
|h fre
|
| 044 |
|
|
|a xo
|c SK
|
| 100 |
1 |
|
|a Éluard, Paul,
|d 1895-1952
|4 aut
|9 180528
|
| 245 |
1 |
0 |
|a Dnešok
|c Paul Eluard ; preložil Vladimír Reisel
|
| 700 |
1 |
|
|a Reisel, Vladimír,
|d 1919-2007
|4 trl
|9 108091
|
| 773 |
0 |
|
|t Slovenské pohľady
|g Roč. 64, č. 4 (1948), s. 220-222
|
| 850 |
|
|
|a Slovenská národná knižnica
|
| 852 |
|
|
|a Slovenská národná knižnica
|
| 954 |
|
|
|a beletria cudzojazyčná (svetová)
|2 lita
|
| 958 |
|
|
|a OND
|
| 958 |
|
|
|a EUIPO
|
| 958 |
|
|
|a article21
|
| 999 |
|
|
|c 2246321
|d 2248251
|